Southville International School and Colleges
Your cart is empty.
  • Cart
  • Lists
    Public lists Eva Luna New books Lux_list list_1
    Your lists Log in to create your own lists
  • Log in to your account
  • Your cookies
  • Search history
Southville International School and Colleges
  • Advanced search
  • Recent comments
  • Most popular
  • Libraries

Log in to your account

Log in with GOOGLE


If you do not have an external account, but do have a local account, you can still log in:

  1. Home
  2. MARC view: Wonderful world of knowledge :
Normal view MARC view ISBD view

Wonderful world of knowledge : (Record no. 305544)

[ view plain ]
MARC details
000 -LEADER
fixed length control field 00710nam a2200253Ia 4500
008 - FIXED-LENGTH DATA ELEMENTS--GENERAL INFORMATION
fixed length control field 170203s9999 xx 000 0 und d
020 ## - INTERNATIONAL STANDARD BOOK NUMBER
International Standard Book Number 717281647
050 ## - LIBRARY OF CONGRESS CALL NUMBER
Classification number 30
050 ## - LIBRARY OF CONGRESS CALL NUMBER
Item number .M379d 1982
100 ## - MAIN ENTRY--PERSONAL NAME
Personal name Martina, Guido
245 ## - TITLE STATEMENT
Title Wonderful world of knowledge :
245 ## - TITLE STATEMENT
Remainder of title Art through ages /
245 ## - TITLE STATEMENT
Statement of responsibility, etc Guido Martina; Walt Disney Productions.
260 ## - PUBLICATION, DISTRIBUTION, ETC. (IMPRINT)
Place of publication, distribution, etc Unites States :
260 ## - PUBLICATION, DISTRIBUTION, ETC. (IMPRINT)
Name of publisher, distributor, etc Groiler Enterprises, Inc.
260 ## - PUBLICATION, DISTRIBUTION, ETC. (IMPRINT)
Date of publication, distribution, etc 1986
300 ## - PHYSICAL DESCRIPTION
Extent 126 pages :
300 ## - PHYSICAL DESCRIPTION
Other physical details col. ill. ;
300 ## - PHYSICAL DESCRIPTION
Dimensions 26 cm.
440 ## - SERIES STATEMENT/ADDED ENTRY--TITLE
Volume number/sequential designation vol. 19
500 ## - GENERAL NOTE
General note Translation of Enciclopedia Disney.
650 ## - SUBJECT ADDED ENTRY--TOPICAL TERM
Topical term or geographic name as entry element Children's encyclopedias and dictionaries.
650 ## - SUBJECT ADDED ENTRY--TOPICAL TERM
General subdivision Encyclopedias and dictionaries.
Holdings
Withdrawn status Lost status Damaged status Home library Current library Shelving location Date acquired Total Checkouts Full call number Barcode Date last seen Price effective from Koha item type
      Stonyhurst Southville International School (Batangas) Stonyhurst Southville International School (Batangas)   02/03/2017   030 .M379d 1982 LS-4492 02/03/2017 02/03/2017 Books

Wonderful world of knowledge :

APA

Martina G., .Wonderful world of knowledge. Unites States: .

Chicago

Martina Guido, .Wonderful world of knowledge. Unites States: .

Harvard

Martina G., .Wonderful world of knowledge. Unites States: .

MLA

Martina Guido, .Unites States: . .

  • Place hold
  • Print
  • Cite
  • Add to your cart (remove)
  • Save record
    BIBTEX Dublin Core MARCXML MARC (non-Unicode/MARC-8) MARC (Unicode/UTF-8) MARC (Unicode/UTF-8, Standard) MODS (XML) RIS
  • More searches
    Search for this title in:
    Other Libraries (WorldCat) Other Databases (Google Scholar) Online Stores (Bookfinder.com) Open Library (openlibrary.org)

Exporting to Dublin Core...

SOUTHVILLE LIBRARY

Southville International School and Colleges Library

1281 Tropical Ave. Cor. Luxembourg St., BF Homes International, Las Pinas City

Tel. No. 8256374 / 252358 Loc. 117/146

Powered by Koha